Pays du monde en 20 minutes - Statistiques

Statistiques générales
  • Ce quiz a été pris 669 fois
  • Le résultat moyen est 118 sur 196
Réponses sur la Carte
Les réponses sont colorées sur une échelle allant du rouge au vert en fonction du pourcentage des utilisateurs qui les ont devinées à leur premier essai. Vous pouvez retrouver ces pourcentages ci-dessous.
 
Statistiques - réponses
Pays % Correct
France
96%
Canada
93%
Espagne
93%
Italie
93%
Russie
93%
Australie
92%
Brésil
92%
Chine
92%
États-Unis
92%
Portugal
92%
Japon
91%
Royaume-Uni
91%
Inde
90%
Maroc
90%
Mexique
90%
Algérie
89%
Allemagne
89%
Suisse
89%
Belgique
88%
Argentine
87%
Corée du Nord
87%
Corée du Sud
87%
Irlande
87%
Afrique du Sud
86%
Égypte
86%
Norvège
86%
Finlande
85%
Suède
85%
Ukraine
85%
Madagascar
84%
Pologne
84%
Chili
83%
Danemark
83%
Grèce
83%
Pays-Bas
83%
Turquie
83%
République Démocratique du Congo
82%
République du Congo
82%
Tunisie
82%
Islande
80%
Autriche
79%
Iran
78%
Arabie Saoudite
77%
Mongolie
77%
Nouvelle-Zélande
77%
Roumanie
77%
Indonésie
76%
Israël
76%
Lituanie
76%
Cuba
75%
Irak
75%
Luxembourg
75%
Pakistan
75%
Pérou
75%
Albanie
74%
Bolivie
74%
Colombie
74%
Biélorussie
73%
Hongrie
72%
Lettonie
72%
Sénégal
72%
Uruguay
72%
Viêt Nam
72%
Estonie
71%
Mali
71%
Soudan
71%
Équateur
70%
Libye
70%
Niger
70%
Paraguay
70%
République Tchèque
70%
Thaïlande
70%
Venezuela
70%
Croatie
69%
Slovaquie
69%
Guinée
68%
Kazakhstan
68%
Monaco
67%
Nigeria
67%
Afghanistan
66%
Chypre
66%
Slovénie
66%
Éthiopie
65%
Liban
65%
Qatar
65%
Côte d'Ivoire
63%
Émirats Arabes Unis
63%
Syrie
63%
Andorre
62%
Panama
62%
Somalie
62%
Angola
61%
Bulgarie
61%
Népal
61%
Yémen
61%
Cap-Vert
60%
Malte
60%
Géorgie
59%
Malaisie
59%
Moldavie
59%
Oman
59%
Vatican
59%
Arménie
58%
Cameroun
58%
Costa Rica
58%
Jamaïque
58%
Ouzbékistan
58%
Togo
58%
Bosnie-Herzégovine
57%
Jordanie
57%
Kosovo
57%
Laos
57%
Mauritanie
57%
Philippines
57%
Serbie
57%
Sri Lanka
57%
Macédoine du Nord
56%
Taïwan
56%
Soudan du Sud
55%
Tchad
55%
Zimbabwe
55%
Haïti
54%
Kenya
54%
Bangladesh
53%
Monténégro
53%
République Dominicaine
53%
Honduras
52%
Rwanda
52%
Turkménistan
52%
Zambie
52%
Cambodge
51%
Ghana
51%
Tanzanie
51%
Guinée Équatoriale
50%
Papouasie-Nouvelle- Guinée
50%
Birmanie
49%
Burkina Faso
48%
Guyana
48%
Azerbaïdjan
47%
Bénin
47%
Namibie
47%
Nicaragua
47%
Érythrée
46%
Gabon
46%
Liechtenstein
46%
Suriname
46%
Mozambique
45%
Saint-Marin
45%
Guinée-Bissau
44%
République Centrafricaine
44%
Salvador
44%
Bahamas
43%
Fidji
43%
Liberia
43%
Ouganda
43%
Bhoutan
42%
Guatemala
42%
Maldives
42%
Maurice
42%
Botswana
41%
Comores
41%
Djibouti
41%
Koweït
41%
Lesotho
41%
Belize
40%
Gambie
40%
Malawi
39%
Singapour
38%
Tadjikistan
38%
Kirghizistan
37%
Seychelles
37%
Dominique
34%
Burundi
33%
Eswatini
33%
Sainte-Lucie
32%
Sierra Leone
32%
Tonga
32%
Îles Salomon
30%
Grenade
28%
Îles Marshall
28%
Trinité-et-Tobago
28%
Barbade
27%
Timor Oriental
27%
Antigua-et-Barbuda
25%
Brunei
25%
Bahreïn
24%
Saint-Vincent-et-les- Grenadines
24%
Tuvalu
24%
Vanuatu
24%
États Fédérés de Micronésie
23%
Nauru
23%
Palaos
23%
Kiribati
22%
Saint-Christophe- et-Niévès
20%
Samoa
20%
Sao Tomé-et-Principe
20%
Aucun quiz correspondant
Distribution des résultats
% des personnes avec chaque résultat
Percentile par nombre de réponses
Votre historique - résultats
Vous n’avez pas pris ce quiz